000 00647nam a2200217Ii 4500
001 2337
003 CO-ViMGA
008 241108s9999||||xx |||||||||||||| ||und||
020 _a9586075214
040 _aCO-ViMGA
_bspa
_erda
_cCO-ViMGA
041 0 _aspa
082 0 4 _a658.503 - B74m
100 1 _aAgenor Brighenti
_944256
245 1 0 _aMetodología para un proceso de planeación participativa
264 1 _aBogotá, Colombia : Ediciones Paulinas, 1990
300 _avolumen
336 _atext
_btxt
_2rdacontent
337 _aunmediated
_bn
_2rdamedia
338 _avolume
_bnc
_2rdacarrier
940 _aidficha_siabuc: 2289. -- ficha_no_siabuc:2337
999 _c38710
_d38710